| 000 | 01660nam a22003137a 4500 | ||
|---|---|---|---|
| 005 | 20111215102338.0 | ||
| 010 | _aENG-104343 B-490252-253 | ||
| 020 |
_a9788120344631 _c425.00 |
||
| 035 | _aEN -87876 B-490252-253 | ||
| 037 | _bDBAD/PUB | ||
| 037 | _bPrabhat Prakashan | ||
| 037 | _bPrabhat Prakashan/Ven | ||
| 082 | _a658.812028553 | ||
| 100 |
_aSnyder, Mike _955092 |
||
| 245 |
_aMicrosoft Dynamics CRM 2011 step by step / _cby Mike Snyder, Jim Steger [and] Brendan Landers |
||
| 260 |
_aNew Delhi _bPHI Learning _c2012 |
||
| 270 |
_aM-97, Connaught Circus _bNew Delhi _e110001 |
||
| 300 |
_axxvi, 417p. _c23cm(pbk) _bill. |
||
| 500 | _aIncludes index | ||
| 650 |
_aCustomer relations _x Management _xComputer programs. _955093 |
||
| 650 |
_aCustomer relations _xData processing _xComputer programs. _955094 |
||
| 700 |
_936394 _aSteger, Jim |
||
| 700 |
_aLanders, Brendan. _936956 |
||
| 942 |
_2ddc _cEN _mSNY _h658.812028553 |
||
| 999 |
_c59462 _d59462 |
||